UFC Champions With the Worst Title Records - Statistics

General Stats
  • This quiz has been taken 103 times
    41 since last reset
  • The average score is 6 of 15
Answer Stats
Division Title Wins Title Bouts Win % Answer % Correct
Light Heavyweight/Heavyweight 6 10 60% Daniel Cormier
71%
Lightweight/Welterweight 5 11 45.5% B.J. Penn
66%
Bantamweight/Featherweight 8 12 66.7% José Aldo
60%
Flyweight/Bantamweight 4 6 66.7% Henry Cejudo
57%
Featherweight/Lightweight 5 10 50% Max Holloway
51%
Light Heavyweight/Heavyweight 9 15 60% Randy Couture
46%
Middleweight/Light Heavyweight 8 12 66.7% Israel Adesanya
40%
Flyweight/Bantamweight 5 8 62.5% T.J. Dillashaw
40%
Welterweight 4 6 66.7% Tyron Woodley
37%
Women's Strawweight 4 7 57.1% Rose Namajunas
34%
Heavyweight 4 6 66.7% Cain Velasquez
26%
Bantamweight 4 6 66.7% Renan Barão
26%
Heavyweight 5 9 55.6% Tim Sylvia
26%
Light Heavyweight 9 9 66.7% Tito Ortiz
23%
Women's Strawweight/Flyweight 6 10 60% Joanna Jędrzejczyk
20%
No matching quizzes found
Score Distribution
Percent of People with Each Score
Percentile by Number Answered
Your Score History
You have not taken this quiz since the last reset